| 000 | 00804nam a22002177a 4500 | ||
|---|---|---|---|
| 999 |
_c11807 _d11807 |
||
| 003 | AR-CdUCM | ||
| 008 | 190405b ||||| |||| 00| 0 spa d | ||
| 040 |
_aMUNICIPALIDAD PROVINCIAL DEL CUSCO _cBIBLIOTECA MUNICIPAL DEL CUSCO |
||
| 082 |
_a330.15 / _bT28 / 1933 |
||
| 100 |
_aTrotsky, León _925802 |
||
| 245 |
_aEl fracaso del plan quinquenal : _bLa economía soviética en peligro ante el segundo plan quinquenal / |
||
| 260 |
_aChile : _bNueva época, _c1933, |
||
| 300 |
_a55 páginas ; _c18 cm. |
||
| 440 |
_aLibros de política y sociología _n12 _929356 |
||
| 505 | _aContenido: Economía soviética antes de la segunda guerra mundial. | ||
| 650 |
_aEconomía soviética _920328 |
||
| 650 |
_aSociología _9276 |
||
| 650 |
_aPolítica _9291 |
||
| 942 |
_2ddc _cLIBROS |
||
| 945 |
_adavv _d05/04/2019 |
||